000 00441nam a2200181Ia 4500
001 20650
005 20260306172821.0
008 260306t2007||||xx |||||||||||||| ||spa||
041 _aESP
082 _a343.6
_bF59
100 _aFlores Dapkevicius, Rubén
_eAUT
245 0 _aManual de derecho público:
_bderecho administrativo
260 _c2007
300 _a
_c23 cm.
650 _aGEN
654 _aCDE
942 _cLIB
_dJUS
_fJUS
_2ddc
_n
999 _c20650
_d20650